000 00468nam a2200157 i 4500
001 27877
003 ES-MaACL
005 20230906153725.0
007 t|
008 030115s1972 sp ||||1| spa d
110 2 _aGranada.
_bAyuntamiento.
_94486
245 1 0 _aPresupuesto ordinario para el año 1972 /
_cAyuntamiento de Granada.
260 _a[S.l. :
_bs.n.,
_c1972] (
_eGranada :
_fGráf. Sur)
300 _a163 p. ;
_c21 cm.
852 _aES-MaACL
_jC-48261
_bR.83614
999 _c27877
_d27877